Регионална библиотека "Любен Каравелов" - Русе

Парламентаризъм и правова държава в България (Запис номер 106592)

MARC детайли
000 -Лидер
Контролно поле с фиксирана дължина 01788nam a2200397 c 4500
003 - Код на организацията, давaща контролен номер
Контролно поле BLK
005 - Дата и час на последна редакция
Контролно поле 20180420230429.0
008 - Елементи от данни с фиксирана дължина
fixed length control field 180409b bul|||||r ||||||| ||bul||
010 ## - Наследен системен номер
LC control number KNG00111853000
020 ## - Международен стандартен номер на книга ISBN
Международен стандартен номер на книга ISBN 954-535-317-1
-- издат.: Нов бълг. унив.
040 ## - Източник на каталожния запис
Идентификатор на билиотеката - собственик на записа BLK
041 ## - Код за език
Код за езика на текст/звукозапис или на отделно заглавие Български
Код за езика КДБФ Български
080 ## - УДК
Текстов определител УДК Парламентарна демокрация
УДК код - определител по УДК 321.72
УДК определител (497.2)(075.8)
УДК - код + определител 321.72(497.2)(075.8)
080 ## - УДК
Текстов определител УДК Държавно право. Конституционно право. Административно право. Вж и 321 ; 35
УДК код - определител по УДК 342
УДК определител (497.2)(075.8)
УДК - код + определител 342(497.2)(075.8)
100 1# - Редна дума - Автор
Автор Михайлова, Екатерина Иванова
Авторска отговорност първи автор
R(LIN) 310658
139 ## - Редно поле
Редна дума Михайлова, Екатерина Иванова
Авторски знак Михаи - М 74
245 10 - Сведения за заглавието
Заглавие Парламентаризъм и правова държава в България
Подзаглавни данни Принципи и практики
Редно поле (дума) Екатерина Иванова Михайлова.
257 ## - Страна на издаване
Страна на създаване/издаване България
260 ## - Област на издателските данни
-- София
Име на издателя, разпространителя и проч. Нов бълг. унив.
Година на издаване 2004
Печатница София : Планета - 3
300 ## - Физическа характеристика
Страници 472 с.
Размери/Мащаб 24 см
380 ## - Жанр
Жанр Обществени науки
500 ## - Общи забележки
Забележка Офс. изд. - Библиогр. с. 469-471.
504 ## - Забележка за наличие на библиография и др
Забележка за наличие на библиография и под. 469-471
650 #4 - Допълнително описание по предмет – тема
Основно описание – тема или топоним Парламентаризъм
9 (RLIN) 165750
650 #4 - Допълнително описание по предмет – тема
Основно описание – тема или топоним България - държавно право и държавно устройство
9 (RLIN) 273482
653 ## - Ключова дума – ненормативна
Ключова дума парламентаризъм
653 ## - Ключова дума – ненормативна
Ключова дума държавно право
653 ## - Ключова дума – ненормативна
Ключова дума държавно устройство
653 ## - Ключова дума – ненормативна
Ключова дума България
653 ## - Ключова дума – ненормативна
Ключова дума учебници за ВУЗ
852 ## - Местоположение
Форматна сигнатура Цб 218679
856 4# - Електронен адрес и достъп
Електронен формат pdf - файл
Път до файла /url/
856 4# - Електронен адрес и достъп
Електронен формат pdf - файл
Път до файла /url/
942 ## - АРТИКУЛИ
Вид на библиотечния материал Книги
Скрит в OPAC Не
944 ## - СЪЗДАВАНЕ И РЕДАКЦИЯ на ЗАПИСА
Създаване/Редакция Създаване
Дата на регистрацията/редакция 22.03.2004
Служител, извършил регистрацията/редакцията Людмила_Стоянова
944 ## - СЪЗДАВАНЕ И РЕДАКЦИЯ на ЗАПИСА
Създаване/Редакция Редакция
Дата на регистрацията/редакция 01.12.2014
Служител, извършил регистрацията/редакцията Виолета_Тройчева
999 ## - СИСТЕМНИ КОНТРОЛНИ НОМЕРА
Koha biblionumber 106592
Koha biblioitemnumber 106592
Наличности
Код за отписване Код за изгубен артикул Код за повреда Коз за рестрикции Код за отдаване Артикулен № Име на библиотеката - собственик Име на библиотеката, в която се намира в момента Статус (Текущо местоположение) Дата на вписване в системата Местоположение - отдел Цена в лева Инвентарен номер Систематично азбучна сигнатура Баркод Номер на екземпляра Цена в евро Служебна бележка Служебен тип на артикула
  Не е изгубен Не е повреден без рестрикции ползва се в читалня 171908 Регионална библиотека "Любен Каравелов" Русе Регионална библиотека "Любен Каравелов" Русе Читалня 2004-03-22 Читалня 15.00 120000683849 Ч 32/М 74 120000683849 1 7.67 Дост: Pk Вид: Ф N: 8868 Дата: 18.03.2004 Дата инв: 22.03.2017 Бележки инв: Ч2017 Книги
  Не е изгубен Не е повреден без рестрикции ползва се в читалня 171909 Регионална библиотека "Любен Каравелов" Русе Регионална библиотека "Любен Каравелов" Русе Хранилище 2007-04-25 Хранилище 15.00 120000712888 Цб 218679 120000712888 2 7.67 Дост: Dp Вид: Д N: 44 Дата: 04.10.2006 Книги
Vip Innovations Ltd, Rousse, Bulgaria 2025